Countries of the World with an Empty Map 10 Minute Sprint - Statistics

General Stats
  • This quiz has been taken 573 times
  • The average score is 126 of 196
Answers on the Map
Answers color-coded by a green-red scale on the quiz's map according to % correct below.
 
Answer Stats
Country % Correct
Canada
93%
United States
93%
China
90%
France
90%
Germany
90%
Russia
90%
United Kingdom
90%
Australia
85%
Brazil
85%
Egypt
85%
India
85%
Iran
85%
Iraq
85%
Japan
85%
Mexico
85%
Finland
83%
Italy
83%
Kazakhstan
83%
Pakistan
83%
Spain
83%
Argentina
80%
Dem. Rep. of the Congo
80%
Morocco
80%
Sweden
80%
Turkey
80%
Chile
78%
Indonesia
78%
Nepal
78%
Republic of the Congo
78%
South Africa
78%
South Korea
78%
Thailand
78%
Afghanistan
76%
Greece
76%
Israel
76%
Mongolia
76%
Niger
76%
North Korea
76%
Qatar
76%
United Arab Emirates
76%
Bolivia
73%
Denmark
73%
Madagascar
73%
Nigeria
73%
Oman
73%
Paraguay
73%
Peru
73%
Poland
73%
Portugal
73%
Romania
73%
Saudi Arabia
73%
Yemen
73%
Algeria
71%
Austria
71%
Colombia
71%
Cyprus
71%
Ireland
71%
Jordan
71%
New Zealand
71%
Norway
71%
Ukraine
71%
Armenia
68%
Belgium
68%
Georgia
68%
Kenya
68%
Netherlands
68%
Panama
68%
Switzerland
68%
Uruguay
68%
Albania
66%
Azerbaijan
66%
Bangladesh
66%
Cambodia
66%
Chad
66%
Costa Rica
66%
Croatia
66%
Ethiopia
66%
Hungary
66%
Iceland
66%
Libya
66%
Malta
66%
Serbia
66%
Slovakia
66%
South Sudan
66%
Sudan
66%
Uzbekistan
66%
Venezuela
66%
Vietnam
66%
Andorra
63%
Belarus
63%
Belize
63%
Bosnia and Herzegovina
63%
Czech Republic
63%
Fiji
63%
Ghana
63%
Guatemala
63%
Kyrgyzstan
63%
Laos
63%
Latvia
63%
Mauritius
63%
Monaco
63%
Myanmar
63%
Nicaragua
63%
Singapore
63%
Somalia
63%
Sri Lanka
63%
Syria
63%
Taiwan
63%
Tunisia
63%
Turkmenistan
63%
Zambia
63%
Bahrain
61%
Dominican Republic
61%
Jamaica
61%
Lebanon
61%
Moldova
61%
Slovenia
61%
Tajikistan
61%
Vatican City
61%
Central African Republic
59%
Dominica
59%
Ecuador
59%
Eritrea
59%
Guinea
59%
Honduras
59%
Kuwait
59%
Lithuania
59%
Malaysia
59%
Maldives
59%
Montenegro
59%
Namibia
59%
St. Kitts and Nevis
59%
Tanzania
59%
Zimbabwe
59%
Bahamas
56%
Bhutan
56%
Brunei
56%
Cuba
56%
Estonia
56%
Eswatini
56%
Liberia
56%
Luxembourg
56%
Mali
56%
Mozambique
56%
Philippines
56%
Rwanda
56%
Botswana
54%
Bulgaria
54%
Djibouti
54%
El Salvador
54%
Gambia
54%
Guyana
54%
Lesotho
54%
Mauritania
54%
North Macedonia
54%
Papua New Guinea
54%
San Marino
54%
Suriname
54%
Togo
54%
Angola
51%
Benin
51%
Burkina Faso
51%
Cameroon
51%
Cape Verde
51%
East Timor
51%
Fed. States of Micronesia
51%
Ivory Coast
51%
Kosovo
51%
Senegal
51%
Seychelles
51%
Tonga
51%
Trinidad and Tobago
51%
Uganda
51%
Antigua and Barbuda
49%
Barbados
49%
Burundi
49%
Comoros
49%
Equatorial Guinea
49%
Gabon
49%
Guinea Bissau
49%
Haiti
49%
Liechtenstein
49%
Marshall Islands
49%
Palau
49%
Solomon Islands
49%
St. Lucia
49%
St. Vincent and Grenadines
49%
Grenada
46%
Malawi
46%
Samoa
46%
São Tomé and Príncipe
46%
Sierra Leone
46%
Tuvalu
46%
Kiribati
44%
Nauru
44%
Vanuatu
41%
No matching quizzes found
Score Distribution
Percent of People with Each Score
Percentile by Number Answered
Your Score History
You have not taken this quiz